000 01093cam a2200241 4500
001 WB3923-07
008 030619n2003 000 0 eng u
035 _a(Sirsi) u122673
245 _aPoor city performance
260 _c2003
490 _aPlanning (for the Natural and Built Environment)
_v(1523) 13 June 2003, 5(1)
520 _aRegional cities in the UK are underperforming compared to European counterparts, claims a report by a working group set up by ODPM. The report warns that the UK's international competitiveness is too focused in London and identifies key factors for improving regional performance. "Cities, regions and competitiveness" is available from ODPM Free Literature t: 0870 1226 236. Interim report is available at http://www.corecities.com/interimreport/interim1410.html.
590 _aWB
650 _aREGIONAL COMPETITIVENESS
650 _aINTERNATIONAL COMPETITIVENESS
650 _aLONDON
650 _aEUROPE
650 _aPRODUCTIVITY GAP
650 _aUNITED KINGDOM
650 _aRESEARCH REPORTS
690 _aECONOMIC ISSUES
942 _n0
999 _c72890
_d72890